| 000 | 01013nam a2200241Ia 4500 | ||
|---|---|---|---|
| 003 | SEM | ||
| 005 | 20250425093838.0 | ||
| 008 | 141116s2008 ai ||||gr||||||01|||arm|d | ||
| 020 | _a9785808410541 | ||
| 040 |
_aSEM _cSEM |
||
| 041 | _aarm | ||
| 080 | _a930.27(47.925)/Հ-42 | ||
| 100 | _aՀարությունյան, Հրաչյա | ||
| 245 |
_aՇուշի : _b XVIII-XIX դդ. տապանագրեր / _cՀ. Հարությունյան ; Խմբ.՝ Ի. Ղարիբյան |
||
| 260 |
_aԵրևան : _bԵՊՀ հրատարակչություն, _c2008. |
||
| 300 |
_a300 էջ ; _bնկ. ; _c23 սմ |
||
| 490 | _aՀայկական Մատենաշար ; Գալուստ Կիւլպէնկեան հիմնարկութեան | ||
| 650 |
_aՏապանաքարերի արձանագրություններ _zՇուշի |
||
| 653 | _aՍԷՄ | ||
| 700 |
_aՂարիբյան, Իգիթ _eխմբ. _4edt. |
||
| 830 | _aՀայկական Մատենաշար ; Գալուստ Կիւլպէնկեան հիմնարկութեան | ||
| 942 |
_2udc _cBK |
||
| 999 |
_c52321 _d52321 |
||